000
00263nam a2200097Ia 4500
008
231107s1993 xx 000 0 und d
041
_a
eng
100
_a
Jagatrao Sonawane
245
_a
Prashaskiy Karmachari Margdarshak
260
_a
Dhule
_b
Sonadipa Pub. Dhule
_c
1993
999
_c
921492
_d
921492